The singing sands / (Record no. 1411)

MARC details
000 -LEADER
fixed length control field 01094cam a2200289 a 4500
005 - DATE AND TIME OF LATEST TRANSACTION
control field 20260322212059.0
008 - FIXED-LENGTH DATA ELEMENTS--GENERAL INFORMATION
fixed length control field data
010 ## - LIBRARY OF CONGRESS CONTROL NUMBER
LC control number 96043937
020 ## - INTERNATIONAL STANDARD BOOK NUMBER
International Standard Book Number 0684818922
020 ## - INTERNATIONAL STANDARD BOOK NUMBER
International Standard Book Number 9780684818924
040 ## - CATALOGING SOURCE
Original cataloging agency DLC
Transcribing agency DLC
Modifying agency DLC
050 00 - LIBRARY OF CONGRESS CALL NUMBER
Classification number PR6025.A2547
Item number S5 1996
082 00 - DEWEY DECIMAL CLASSIFICATION NUMBER
Classification number 823/.912
Edition information 20
001 - CONTROL NUMBER
control field data
100 1# - MAIN ENTRY--PERSONAL NAME
Personal name Tey, Josephine,
Dates associated with a name 1896 or 7-1952.
245 14 - TITLE STATEMENT
Title The singing sands /
Statement of responsibility, etc. Josephine Tey.
250 ## - EDITION STATEMENT
Edition statement 1st Scribner Paperback Fiction ed.
260 ## - PUBLICATION, DISTRIBUTION, ETC.
Place of publication, distribution, etc. New York :
Name of publisher, distributor, etc. Scribner Paperback Fiction,
Date of publication, distribution, etc. 1996.
300 ## - PHYSICAL DESCRIPTION
Extent 223 p. ;
Dimensions 21 cm.
650 #0 - SUBJECT ADDED ENTRY--TOPICAL TERM
Topical term or geographic name entry element Grant, Alan (Fictitious character)
General subdivision Fiction.
650 #0 - SUBJECT ADDED ENTRY--TOPICAL TERM
Topical term or geographic name entry element Police
Geographic subdivision Great Britain
General subdivision Fiction.
655 #7 - INDEX TERM--GENRE/FORM
Genre/form data or focus term Detective and mystery stories.
Source of term gsafd
856 42 - ELECTRONIC LOCATION AND ACCESS
Materials specified Contributor biographical information
Uniform Resource Identifier <a href="http://www.loc.gov/catdir/enhancements/fy1107/96043937-b.html">http://www.loc.gov/catdir/enhancements/fy1107/96043937-b.html</a>
906 ## - LOCAL DATA ELEMENT F, LDF (RLIN)
a 7
b cbc
c orignew
d 1
e ocip
f 19
g y-gencatlg
925 0# -
-- acquire
-- 2 shelf copies
-- policy default
Holdings
Withdrawn status Lost status Damaged status Not for loan Home library Current library Shelving location Date acquired Total checkouts Full call number Barcode Date last seen Price effective from Koha item type
        Centerville Centerville General stacks 22/03/2026   823/.912 20 BC0011458 22/03/2026 22/03/2026 Books